Statistics for Cities by Clues- A

Click here to take the quiz!

General Stats

  • This quiz has been taken 57 times
  • The average score is 16 of 20

Answer Stats

HintAnswer% Correct
Capital of NetherlandsAmsterdam
100%
Capital of TurkeyAnkara
96%
Largest city of AlgeriaAlgiers
90%
Capital of JordanAmman
90%
Second most populous city
of United Arab Emirates
Abu Dhabi
88%
Capital of South AustraliaAdelaide
88%
Capital of US state-GeorgiaAtlanta
88%
Taj Mahal is located inAgra
86%
Second largest city of EgyptAlexandria
86%
Largest urban city in
New Zealand
Auckland
86%
Third most populous city
in Scotland
Aberdeen
84%
Capital of EthiopiaAddis Ababa
82%
Largest city of GhanaAccra
80%
Capital of ParaguayAsunción
76%
Most populous in MadagascarAntananarivo
68%
Most populous city in AlaskaAnchorage
66%
Capital of most populous
Syrian Governorate
Aleppo
56%
Capital of EritreaAsmara
56%
Home to University of Michigan
Ann Arbor
46%
Largest city in GujaratAhmedabad
40%

Score Distribution

Percentile by Number Answered

Percent of People with Each Score

Your Score History

You have not taken this quiz